Famous film cocktails - Statistics

General Stats
  • This quiz has been taken 366 times
  • The average score is 3 of 10
Answer Stats
Cocktail Answer % Correct
Vodka Martini, shaken James Bond
98%
Cosmopolitan Sex and the City
61%
White Russian The Big Lebowski
47%
French 75 Casablanca
13%
The Red Eye Cocktail
13%
Sweet Vermouth on the rocks with a twist Groundhog Day
8%
Orange Whip The Blues Brothers
7%
Singapore Sling with Mezcal on the Side Fear and Loathing in Las Vegas
3%
Manhattan Some Like It Hot
2%
The Bronx The Thin Man
1%
No matching quizzes found
Score Distribution
Percent of People with Each Score
Percentile by Number Answered
Your Score History
You have not taken this quiz